Coelhinho Branco tem uma irmã (Registo nº 2775)

Detalhes MARC
000 -Etiqueta do registo
Cabeçalho 00820nam a22002771 4500
005 - Identificador da versão
Campo de controlo 20240813121944.0
010 ## - Número internacional normalizado dos livros (ISBN)
Número (ISBN) 9727123120
100 ## - Dados gerais de processamento
Dados gerais de processamento 20050318d2004 bc y0pory5003 ba
102 ## - Pais de publicação ou produção
País de publicação Portugal
101 1# - Língua de publicação
Língua do texto, banda sonora, etc. Português
Língua do documento no original Francês
106 ## - Campo de dados codificados: material textual
Dados codificados do material textual r
105 ## - Campo de dados codificados: livros
Dados codificados dos livros a z 00fy
215 ## - Descrição física 
Indicação específica da natureza do documento e extensão da espécie [19] p.
Outras indicações físicas il.
Dimensões 20 cm
200 1# - Titulo e menção de responsabilidade
Título próprio Coelhinho Branco tem uma irmã
Primeira menção de responsabilidade Marie-France Floury, Fabienne Boisnard
Outras menções de responsabilidade trad. Vítor Teixeira
225 2# - Colecção 
Título próprio da colecção Coelhinho Branco
210 ## - Publicação, Distribuição, etc. 
Lugar da edição, distribuição, etc. Maia
Nome do editor, distribuidor, etc. Nova Gaia
Data da publicação, distribuição, etc. cop. 2004
606 ## - Nome comum usado como assunto
Número de registo de entrada de autoridade 0000001
Palavra de ordem Literatura estrangeira infantil
Subdivisão de assunto Conto
675 ## - Classificação Decimal Universal (CDU)
Notação 82-34
Edição
Língua da edição por
702 #1 - Nome de autor-pessoa física (responsabilidade secundária)
Número de registo de entrada de autoridade 0001750
Palavra de ordem Teixeira
Outra parte do nome não tomada para palavra de ordem Vítor
Código de função Tradutor
701 #1 - Nome de autor-pessoa física (co-responsabilidade principal)
Palavra de ordem Boisnard
Outra parte do nome não tomada para palavra de ordem Fabienne
Código de função Autor / Co-autor
700 #1 - Nome de autor-pessoa física (responsabilidade principal)
Número de registo de entrada de autoridade 0001748
Palavra de ordem Floury
Outra parte do nome não tomada para palavra de ordem Marie-France
942 ## - Elementos de entrada adicionados (Koha)
Tipo de item no Koha Livro
Exemplares
Situação do levantamento Origin of item (home branch) (coded) Biblioteca de empréstimo Código de barras Cota Circulation type (not for loan) Tipo de documento Nota do exemplar Damaged status
  Biblioteca Escolar da Coca Maravilhas Biblioteca Escolar da Coca Maravilhas BECM6980/05 8EST FLO   Livro Sem mensagem